[Event "Hessenliga 1921"]
[Site "Hessen"]
[Date "2019.10.27"]
[Round "2.1"]
[White "Zimmermann, Hendrik"]
[Black "Brueggemann, Ludger"]
[Result "0-1"]
[WhiteElo "2221"]
[BlackElo "2199"]
[PlyCount "56"]
[EventDate "2019.09.22"]
[EventType "team-tourn"]
[EventRounds "9"]
[EventCountry "GER"]
[SourceTitle "EXT 2024"]
[Source "ChessBase"]
[SourceDate "2023.10.10"]
[SourceVersion "1"]
[SourceVersionDate "2023.10.10"]
[SourceQuality "1"]
[WhiteTeam "Nied"]
[BlackTeam "Frankfurt TV"]
[WhiteTeamCountry "GER"]
[BlackTeamCountry "GER"]

1. e4 c5 2. Nf3 Nc6 3. d4 cxd4 4. Nxd4 Nf6 5. Nc3 d6 6. Bg5 e6 7. Qd2 a6 8. 0-0-0 Bd7 9. f4 Qc7 10. Nf3 h6 11. Bxf6 gxf6 12. Kb1 b5 13. f5 Ne5 14. fxe6 fxe6 15. Nd4 Rc8 16. g3 b4 17. Nce2 Nc4 18. Qe1 e5 19. Nf5 d5 20. Rxd5 Na3+ 21. bxa3 bxa3 22. Qd2 Bxf5 23. exf5 Qb6+ 24. Kc1 h5 25. Kd1 Bh6 26. Nf4 Qb1+ 27. Qc1 Qxa2 28. Bxa6 Bxf4 0-1

[Event "Hessenliga 1819"]
[Site "Hessen"]
[Date "2019.04.07"]
[Round "8.1"]
[White "Bethke, Richard"]
[Black "Brueggemann, Ludger"]
[Result "1-0"]
[WhiteElo "2212"]
[BlackElo "2199"]
[PlyCount "152"]
[EventDate "2018.09.23"]
[EventType "team-tourn"]
[EventRounds "9"]
[EventCountry "GER"]
[SourceTitle "EXT 2020"]
[Source "ChessBase"]
[SourceDate "2019.10.17"]
[SourceVersion "1"]
[SourceVersionDate "2019.10.17"]
[SourceQuality "1"]
[WhiteTeam "Neuberg II"]
[BlackTeam "Frankfurt TV"]
[WhiteTeamCountry "GER"]
[BlackTeamCountry "GER"]

1. e4 c5 2. Nf3 Nc6 3. d4 cxd4 4. Nxd4 Nf6 5. Nc3 d6 6. Bg5 e6 7. Qd2 a6 8. 0-0-0 Bd7 9. f4 h6 10. Bh4 b5 11. Bxf6 gxf6 12. Nxc6 Bxc6 13. f5 Qc7 14. fxe6 fxe6 15. Qf4 Be7 16. Qg4 Bd7 17. Qg7 Rf8 18. Bd3 b4 19. Ne2 Qa5 20. Bc4 Rc8 21. Bb3 Qg5+ 22. Qxg5 fxg5 23. Rhf1 Rc5 24. Rxf8+ Bxf8 25. c3 Ke7 26. Kd2 a5 27. cxb4 axb4 28. Nd4 g4 29. Nc2 Rh5 30. Rh1 Bg7 31. Nxb4 Bxb2 32. Nd3 Bf6 33. Ke3 Bc6 34. Nf2 Re5 35. Kd3 h5 36. Rc1 Kd7 37. Rc4 d5 38. Rd4 Bb5+ 39. Kc2 Kc6 40. a4 Kc5 41. Rd2 Ba6 42. exd5 exd5 43. Bxd5 Be7 44. Ne4+ Kb4 45. Rd4+ Ka5 46. Kb3 Bf1 47. Ng3 Bc5 48. Re4 Rxd5 49. Nxf1 Rd1 50. Ng3 Rg1 51. Re5 Kb6 52. Ne4 Bd4 53. Rd5 Be3 54. Rd3 Bc1 55. Rc3 Bf4 56. g3 Bb8 57. Nf6 Rb1+ 58. Kc4 Ra1 59. Kb3 Rb1+ 60. Ka2 Rf1 61. Rb3+ Ka7 62. Nxh5 Be5 63. Rb5 Rf2+ 64. Kb3 Bb8 65. Rg5 Rxh2 66. Nf4 Bxf4 67. gxf4 Rg2 68. Kc4 Rg1 69. Kd5 g3 70. Ke4 g2 71. Kf5 Kb6 72. a5+ Kc7 73. a6 Kd6 74. a7 Ra1 75. Rxg2 Rxa7 76. Re2 Rf7+ 1-0

[Event "Hessenliga 1819"]
[Site "Hessen"]
[Date "2019.02.03"]
[Round "5.2"]
[White "Brueggemann, Ludger"]
[Black "Thomsen, Phil"]
[Result "0-1"]
[WhiteElo "2199"]
[BlackElo "2134"]
[PlyCount "106"]
[EventDate "2018.09.23"]
[EventType "team-tourn"]
[EventRounds "9"]
[EventCountry "GER"]
[SourceTitle "EXT 2020"]
[Source "ChessBase"]
[SourceDate "2019.10.17"]
[SourceVersion "1"]
[SourceVersionDate "2019.10.17"]
[SourceQuality "1"]
[WhiteTeam "Frankfurt TV"]
[BlackTeam "Bensheim"]
[WhiteTeamCountry "GER"]
[BlackTeamCountry "GER"]

1. e4 c5 2. Nc3 Nc6 3. g3 g6 4. Bg2 Bg7 5. d3 e5 6. Be3 d6 7. Qd2 Qa5 8. Nge2 Nd4 9. 0-0 Nf6 10. Nxd4 cxd4 11. Nd5 Qxd2 12. Nxf6+ Bxf6 13. Bxd2 Be6 14. c4 dxc3 15. bxc3 0-0 16. Rfb1 Rfb8 17. a4 Bd8 18. Be3 Ba5 19. Ra3 Rc8 20. c4 b6 21. Bh6 f6 22. h4 Rc7 23. Be3 Rf8 24. Kh2 Kg7 25. Bh3 f5 26. f3 Bc8 27. exf5 gxf5 28. f4 Kg6 29. Bf1 Re8 30. Ra2 Bb7 31. d4 exd4 32. Bxd4 Ba6 33. Rc1 Re4 34. Bf2 d5 35. Bd3 Bxc4 36. Bxe4 fxe4 37. Rac2 Kf5 38. Bd4 h5 39. Kg1 a6 40. Kf2 Rc6 41. Rb2 b5 42. axb5 axb5 43. Ke3 Rg6 44. Kf2 b4 45. Ra1 Ra6 46. Ke3 b3 47. Rf2 Rg6 48. Rg2 Bc7 49. Rgg1 Bd3 50. Rac1 Rxg3+ 51. Rxg3 Bxf4+ 52. Kf2 Bxc1 53. Rg8 b2 0-1

[Event "Oberliga Ost-B 1718"]
[Site "Germany"]
[Date "2018.03.18"]
[Round "9.1"]
[White "Brueggemann, Ludger"]
[Black "Dubiel, Jacek"]
[Result "0-1"]
[WhiteElo "2285"]
[BlackElo "2429"]
[PlyCount "44"]
[EventDate "2017.10.22"]
[EventType "team-tourn"]
[EventRounds "11"]
[EventCountry "GER"]
[SourceTitle "EXT 2019"]
[Source "ChessBase"]
[SourceDate "2018.10.10"]
[SourceVersion "1"]
[SourceVersionDate "2018.10.10"]
[SourceQuality "1"]
[WhiteTeam "Frankfurt TV"]
[BlackTeam "Oberursel"]
[WhiteTeamCountry "GER"]
[BlackTeamCountry "GER"]

1. e4 e5 2. f4 exf4 3. Nf3 d6 4. Nc3 h6 5. d4 g5 6. g3 fxg3 7. hxg3 Bg7 8. Be3 Nf6 9. Qd2 Bg4 10. Bg2 Nc6 11. 0-0-0 Qd7 12. Bxg5 hxg5 13. Qxg5 Rxh1 14. Rxh1 Kf8 15. e5 dxe5 16. dxe5 Ne8 17. Nh4 Nxe5 18. Rf1 Rd8 19. Be4 Nd6 20. Bh7 Qe7 21. Qf4 Qe6 22. Kb1 Qh6 0-1

[Event "Oberliga Ost-B 1718"]
[Site "Germany"]
[Date "2018.02.04"]
[Round "7.1"]
[White "Brueggemann, Ludger"]
[Black "Chojnacki, Krzysztof"]
[Result "0-1"]
[WhiteElo "2285"]
[BlackElo "2377"]
[PlyCount "82"]
[EventDate "2017.10.22"]
[EventType "team-tourn"]
[EventRounds "11"]
[EventCountry "GER"]
[SourceTitle "EXT 2019"]
[Source "ChessBase"]
[SourceDate "2018.10.10"]
[SourceVersion "1"]
[SourceVersionDate "2018.10.10"]
[SourceQuality "1"]
[WhiteTeam "Frankfurt TV"]
[BlackTeam "Wiesbaden"]
[WhiteTeamCountry "GER"]
[BlackTeamCountry "GER"]

1. e4 d6 2. Nc3 Nf6 3. g3 g6 4. Bg2 Bg7 5. d3 c5 6. Nf3 Nc6 7. 0-0 0-0 8. h3 d5 9. e5 Ne8 10. Bf4 Nc7 11. Qd2 Re8 12. Rae1 Ne6 13. Bh6 d4 14. Ne4 Nxe5 15. Nxe5 Bxe5 16. Nxc5 Qc7 17. Ne4 Bg7 18. Bxg7 Kxg7 19. Re2 Bd7 20. Rfe1 Rac8 21. Ng5 Qd6 22. Nxe6+ Bxe6 23. Qa5 Qc5 24. b4 Qxa5 25. bxa5 Rc5 26. Bxb7 Rxa5 27. a4 Rb8 28. Bc6 Rc8 29. Bb5 a6 30. Bc4 Bxc4 31. dxc4 e6 32. Rb1 Rxc4 33. Rb7 Kf6 34. Re4 Rcxa4 35. Rf4+ Rf5 36. Rh4 h5 37. Rd7 Rc4 38. Rhxd4 Rxc2 39. Rd2 Rxd2 40. Rxd2 Rd5 41. Ra2 a5 0-1

[Event "Oberliga Ost-B 1718"]
[Site "Germany"]
[Date "2017.11.11"]
[Round "2.1"]
[White "Strache, Michael"]
[Black "Brueggemann, Ludger"]
[Result "1-0"]
[WhiteElo "2287"]
[BlackElo "2285"]
[PlyCount "59"]
[EventDate "2017.10.22"]
[EventType "team-tourn"]
[EventRounds "11"]
[EventCountry "GER"]
[SourceTitle "EXT 2019"]
[Source "ChessBase"]
[SourceDate "2018.10.10"]
[SourceVersion "1"]
[SourceVersionDate "2018.10.10"]
[SourceQuality "1"]
[WhiteTeam "Sangerhausen"]
[BlackTeam "Frankfurt TV"]
[WhiteTeamCountry "GER"]
[BlackTeamCountry "GER"]

1. d4 Nf6 2. Nf3 g6 3. g3 Bg7 4. Bg2 0-0 5. 0-0 d6 6. Re1 Nbd7 7. e4 e5 8. h3 c6 9. c4 exd4 10. Nxd4 Re8 11. Nc3 a5 12. Be3 Nc5 13. Qc2 Qe7 14. f3 Nh5 15. Kh2 Ne6 16. Nce2 Bd7 17. Rad1 Rad8 18. Nxe6 fxe6 19. Bb6 Ra8 20. Qd2 d5 21. Bxa5 Bxb2 22. exd5 exd5 23. Bc3 Bxc3 24. Nxc3 Qd6 25. Rxe8+ Bxe8 26. f4 d4 27. Ne4 Qd8 28. Qb2 d3 29. Rd2 Bf7 30. Qc3 1-0

[Event "Frankfurt-chA"]
[Site "Frankfurt"]
[Date "2012.05.14"]
[Round "3"]
[White "Brueggemann, Ludger"]
[Black "Marzahn, Heiko"]
[Result "1/2-1/2"]
[WhiteElo "2190"]
[BlackElo "2000"]
[PlyCount "38"]
[EventDate "2012.04.30"]
[EventType "swiss"]
[EventRounds "7"]
[EventCountry "GER"]
[SourceTitle "EXT 2013"]
[Source "ChessBase"]
[SourceDate "2012.11.22"]
[SourceVersion "1"]
[SourceVersionDate "2012.11.22"]
[SourceQuality "1"]

1. e4 d5 2. exd5 Nf6 3. d4 Nxd5 4. Nf3 Bg4 5. Be2 Nc6 6. 0-0 e6 7. c4 Nb6 8. Be3 Bxf3 9. Bxf3 Nxc4 10. Bxc6+ bxc6 11. Qa4 Nb6 12. Qxc6+ Qd7 13. Qxd7+ Kxd7 14. Nc3 Bd6 15. Bg5 a5 16. Rac1 a4 17. Rfd1 Rhb8 18. Rc2 Ra5 19. Bc1 h6 1/2-1/2

[Event "Frankfurt-ch"]
[Site "Frankfurt"]
[Date "2010.05.03"]
[Round "2"]
[White "Witt, Holger"]
[Black "Brueggemann, Ludger"]
[Result "0-1"]
[WhiteElo "1590"]
[BlackElo "2188"]
[PlyCount "114"]
[EventDate "2010.04.26"]
[EventType "swiss"]
[EventRounds "7"]
[EventCountry "GER"]
[SourceTitle "EXT 2011"]
[Source "ChessBase"]
[SourceDate "2010.11.26"]
[SourceVersion "1"]
[SourceVersionDate "2010.11.26"]
[SourceQuality "1"]

1. d4 Nf6 2. Nf3 g6 3. e3 Bg7 4. c4 0-0 5. Nc3 d6 6. Be2 Nbd7 7. 0-0 e5 8. b4 a5 9. b5 exd4 10. Nxd4 Nc5 11. a4 Re8 12. Bb2 Bd7 13. Bf3 Nfe4 14. Nxe4 Nxe4 15. Qc2 Qe7 16. Rfd1 b6 17. Rac1 Rad8 18. Ne2 Bxb2 19. Qxb2 Qe5 20. Nd4 h5 21. Qc2 Re7 22. Ne2 Ng5 23. Rd5 Qf6 24. Nd4 Nxf3+ 25. Nxf3 Be6 26. Rd4 Rde8 27. Rf4 Bf5 28. Qc3 Qxc3 29. Rxc3 Be4 30. Ng5 Bb7 31. Rd3 Kg7 32. Nf3 Be4 33. Rd4 f6 34. Nd2 Bc2 35. h4 Re5 36. Rd5 Bxa4 37. Rfd4 Bc2 38. Nf3 Rxd5 39. cxd5 Re4 40. Rd2 Bb3 41. Nd4 Bxd5 42. Rc2 Re7 43. g3 Kf7 44. Kf1 Ke8 45. Ke1 Kd7 46. Kd2 Re8 47. Rc3 Rc8 48. Nc6 Bxc6 49. Rxc6 Re8 50. Kd3 Re5 51. Kc4 Re4+ 52. Kc3 Rb4 53. Rc4 Rxc4+ 54. Kxc4 Ke6 55. Kd4 d5 56. f3 f5 57. f4 Kd6 0-1

[Event "Muensterland Verbandsliga 0809"]
[Site "Germany"]
[Date "2008.09.20"]
[Round "1.1"]
[White "Brueggemann, Ludger"]
[Black "Fuest, Martin"]
[Result "1-0"]
[WhiteElo "2192"]
[BlackElo "2230"]
[PlyCount "73"]
[EventDate "2008.09.20"]
[EventType "team-tourn"]
[EventRounds "9"]
[EventCountry "GER"]
[SourceTitle "EXT 2010"]
[Source "ChessBase"]
[SourceDate "2010.11.25"]
[SourceVersion "1"]
[SourceVersionDate "2010.11.25"]
[SourceQuality "1"]
[WhiteTeam "Olfen"]
[BlackTeam "Bocholt"]
[WhiteTeamCountry "GER"]
[BlackTeamCountry "GER"]

1. Nf3 Nf6 2. g3 d5 3. Bg2 g6 4. 0-0 Bg7 5. d3 0-0 6. Nbd2 c6 7. e4 Bg4 8. h3 Bxf3 9. Qxf3 Nbd7 10. Qe2 e5 11. a4 Re8 12. b4 a6 13. Nb3 Bf8 14. Bd2 Qc7 15. c4 dxe4 16. dxe4 Rad8 17. Bc3 Bg7 18. c5 Nf8 19. b5 Ra8 20. b6 Qe7 21. Qc4 Rad8 22. h4 h5 23. f3 Bh6 24. Kf2 Qd7 25. Ke2 Qe7 26. Bh3 Ne6 27. Bxe6 Qxe6 28. Qxe6 Rxe6 29. Rad1 Rde8 30. Kd3 Bf8 31. Kc4 Rb8 32. Rd3 Be7 33. Rfd1 Kf8 34. Kb4 Ke8 35. Na5 Bf8 36. Nc4 Nd7 37. Rxd7 1-0

[Event "Muensterland Verbandsliga 0708"]
[Site "Germany"]
[Date "2007.09.08"]
[Round "1.1"]
[White "Werner, Daniel"]
[Black "Brueggemann, Ludger"]
[Result "0-1"]
[WhiteElo "2170"]
[BlackElo "2192"]
[PlyCount "88"]
[EventDate "2007.09.08"]
[EventType "team"]
[EventRounds "9"]
[EventCountry "GER"]
[SourceTitle "EXT 2009"]
[Source "ChessBase"]
[SourceDate "2008.11.26"]
[SourceVersion "1"]
[SourceVersionDate "2008.11.26"]
[SourceQuality "1"]
[WhiteTeam "Westbevern"]
[BlackTeam "Olfen"]
[WhiteTeamCountry "GER"]
[BlackTeamCountry "GER"]

1. e4 c5 2. Nf3 Nc6 3. d4 cxd4 4. Nxd4 Nf6 5. Nc3 d6 6. Bg5 e6 7. Qd2 a6 8. 0-0-0 Bd7 9. f4 h6 10. Bh4 Be7 11. Nf3 b5 12. e5 b4 13. Na4 dxe5 14. fxe5 Nxe5 15. Nxe5 Bxa4 16. Qxd8+ Bxd8 17. b3 Bb5 18. Bxb5+ axb5 19. Nc6 Be7 20. Nxe7 Kxe7 21. Kb2 Rhd8 22. Bf2 Ne4 23. Bd4 g6 24. h4 h5 25. Rhe1 f5 26. Be5 Nf2 27. Rd4 Rxd4 28. Bxd4 Ne4 29. Bb6 Kd7 30. Bd4 Kc6 31. Bg7 Rg8 32. Bd4 g5 33. hxg5 Rxg5 34. Re2 Kd5 35. Be3 Rg8 36. Bb6 Ra8 37. Re1 Nc3 38. Ra1 e5 39. a3 Rxa3 40. Rxa3 bxa3+ 41. Kxa3 Kc6 42. Ba5 Nd1 43. Bd2 f4 44. Kb4 Ne3 0-1

[Event "Muensterland Verbandsliga 0607"]
[Site "Germany"]
[Date "2007.02.24"]
[Round "6.1"]
[White "Krumboehmer, Juergen"]
[Black "Brueggemann, Ludger"]
[Result "1/2-1/2"]
[WhiteElo "2129"]
[BlackElo "2188"]
[PlyCount "51"]
[EventDate "2006.09.16"]
[EventType "team"]
[EventRounds "9"]
[EventCountry "GER"]
[SourceTitle "EXT 2008"]
[Source "ChessBase"]
[SourceDate "2007.11.25"]
[SourceVersion "1"]
[SourceVersionDate "2007.11.25"]
[SourceQuality "1"]
[WhiteTeam "Heiden"]
[BlackTeam "Olfen"]
[WhiteTeamCountry "GER"]
[BlackTeamCountry "GER"]

1. d4 Nf6 2. c4 g6 3. Nf3 Bg7 4. g3 0-0 5. Bg2 d6 6. 0-0 Nbd7 7. Nc3 e5 8. e4 c6 9. b3 Re8 10. d5 cxd5 11. cxd5 Nc5 12. Nd2 Qa5 13. Qc2 Bd7 14. Nc4 Qc7 15. a4 Rec8 16. Nb5 Bxb5 17. axb5 Nxb3 18. Qxb3 Qxc4 19. Qxc4 Rxc4 20. Re1 Kf8 21. f3 Ke7 22. Be3 Nd7 23. Bxa7 Bh6 24. Bf2 Rxa1 25. Rxa1 Rc1+ 26. Rxc1 1/2-1/2

[Event "Muensterland Verbandsliga 0607"]
[Site "Germany"]
[Date "2006.09.16"]
[Round "1.1"]
[White "Hegemann, Eike"]
[Black "Brueggemann, Ludger"]
[Result "1-0"]
[WhiteElo "2123"]
[BlackElo "2188"]
[PlyCount "67"]
[EventDate "2006.09.16"]
[EventType "team"]
[EventRounds "9"]
[EventCountry "GER"]
[SourceTitle "EXT 2008"]
[Source "ChessBase"]
[SourceDate "2007.11.25"]
[SourceVersion "1"]
[SourceVersionDate "2007.11.25"]
[SourceQuality "1"]
[WhiteTeam "Saerbeck"]
[BlackTeam "Olfen"]
[WhiteTeamCountry "GER"]
[BlackTeamCountry "GER"]

1. e4 c5 2. Nf3 Nc6 3. Bb5 Qb6 4. Nc3 e6 5. Bxc6 bxc6 6. e5 f6 7. Ne4 f5 8. Ng3 Ba6 9. b3 c4 10. bxc4 Bxc4 11. d3 Ba6 12. 0-0 c5 13. Be3 Qc6 14. c4 Ne7 15. Nh4 Bb7 16. f4 g5 17. fxg5 Ng6 18. Qh5 0-0-0 19. Rf2 Nxe5 20. Rb1 Nxd3 21. Rd2 f4 22. Rxd3 fxe3 23. Rdb3 Ba6 24. Rb8+ Kc7 25. Rxd8 Kxd8 26. Qf7 Kc7 27. g6 hxg6 28. Nxg6 Rxh2 29. Kxh2 Bd6 30. Nf4 Bxc4 31. Qg8 Bb5 32. a4 Bxf4 33. Rxb5 Kd6 34. Qf8+ 1-0

[Event "Frankfurt-ch"]
[Site "Frankfurt"]
[Date "2006.05.29"]
[Round "6"]
[White "Brueggemann, Ludger"]
[Black "Behnick, Eckhard"]
[Result "1-0"]
[WhiteElo "2158"]
[BlackElo "1962"]
[PlyCount "49"]
[EventDate "2006.04.24"]
[EventType "swiss"]
[EventRounds "7"]
[EventCountry "GER"]
[SourceTitle "EXT 2007"]
[Source "ChessBase"]
[SourceDate "2006.11.23"]
[SourceVersion "1"]
[SourceVersionDate "2006.11.23"]
[SourceQuality "1"]

1. e4 e5 2. f4 d5 3. exd5 e4 4. d3 Nf6 5. dxe4 Nxe4 6. Nf3 Bc5 7. Qe2 Qe7 8. Nc3 Nxc3 9. bxc3 Bf5 10. Qxe7+ Kxe7 11. Nd4 Bxd4 12. cxd4 Bxc2 13. Ba3+ Kd8 14. Bc4 Re8+ 15. Kd2 Be4 16. d6 f5 17. Bf7 Rh8 18. dxc7+ Kxc7 19. Rac1+ Kd7 20. d5 Rd8 21. Rhe1 Na6 22. Be6+ Ke8 23. g4 g6 24. gxf5 gxf5 25. Rg1 1-0

[Event "Frankfurt-ch"]
[Site "Frankfurt"]
[Date "2006.05.08"]
[Round "3"]
[White "Calvi, Stefan"]
[Black "Brueggemann, Ludger"]
[Result "0-1"]
[WhiteElo "1943"]
[BlackElo "2158"]
[PlyCount "106"]
[EventDate "2006.04.24"]
[EventType "swiss"]
[EventRounds "7"]
[EventCountry "GER"]
[SourceTitle "EXT 2007"]
[Source "ChessBase"]
[SourceDate "2006.11.23"]
[SourceVersion "1"]
[SourceVersionDate "2006.11.23"]
[SourceQuality "1"]

1. e4 g6 2. d4 Bg7 3. Nc3 d6 4. f4 Nd7 5. Nf3 c5 6. Be3 cxd4 7. Nxd4 Ngf6 8. Be2 0-0 9. Qd2 a6 10. f5 Ne5 11. h3 b5 12. a3 Bb7 13. fxg6 hxg6 14. Bf3 Nc4 15. Qc1 Nxe3 16. Qxe3 Nd7 17. Nde2 Ne5 18. h4 Nc4 19. Qg5 e6 20. Qxd8 Rfxd8 21. 0-0-0 a5 22. Nxb5 Bxb2+ 23. Kb1 Be5 24. Ned4 Rab8 25. Ka2 Rdc8 26. a4 Nb6 27. Kb3 Rc4 28. c3 Rxa4 29. Ra1 Rxa1 30. Rxa1 a4+ 31. Kb4 Rc8 32. Rd1 Nc4 33. Ra1 Nd2 34. Rxa4 Rc4+ 35. Ka5 Rxa4+ 36. Kxa4 Bxe4 37. Bxe4 Nxe4 38. Kb4 Kh7 39. Nf3 Bg3 40. Kc4 f6 41. Kd4 Nc5 42. Ke3 d5 43. Nbd4 Kh6 44. Ne2 Bc7 45. g4 e5 46. Ne1 f5 47. gxf5 gxf5 48. Nc2 Nd7 49. Nb4 Nf6 50. Kf3 f4 51. Kg2 Bd6 52. Nd3 Kg6 53. Kh3 Kf5 0-1